[Event "Rio Negrinho Froebel Cup"]
[Site "Rio Negrinho"]
[Date "2022.04.09"]
[Round "3"]
[White "Sonnenhohl, Walter Evaldo Franc"]
[Black "Viliczinski, Maria Luiza"]
[Result "1-0"]
[WhiteElo "1639"]
[BlackElo "1036"]
[PlyCount "63"]
[EventDate "2022.04.08"]
[EventType "swiss"]
[EventRounds "6"]
[EventCountry "BRA"]
[SourceTitle "EXT 2023"]
[Source "ChessBase"]
[SourceDate "2022.10.05"]
[SourceVersion "1"]
[SourceVersionDate "2022.10.05"]
[SourceQuality "1"]

1. f4 d5 2. Nf3 Bf5 3. e3 e6 4. b3 Bd6 5. Bb2 Nf6 6. Be2 0-0 7. 0-0 Nbd7 8. Nd4 c5 9. Nxf5 exf5 10. Nc3 Qe7 11. Bf3 Rae8 12. Nxd5 Nxd5 13. Bxd5 Nf6 14. Bxf6 Qxf6 15. Bxb7 Re7 16. Bd5 g6 17. Bc4 Bc7 18. Qc1 Rd8 19. Bd3 Ba5 20. Rb1 Rd6 21. Rd1 Rc7 22. Qb2 Qe7 23. Qa3 Bxd2 24. Rxd2 Qxe3+ 25. Rf2 Rd4 26. Qc1 Qe6 27. Re2 Qd6 28. g3 f6 29. Qe3 g5 30. Rf1 g4 31. Rfe1 Rd5 32. Bc4 1-0

[Event "Santa Catarina-ch U18 Girls"]
[Site "Blumenau"]
[Date "2022.03.27"]
[Round "6"]
[White "Viliczinski, Maria Luiza"]
[Black "Durante, Tauany Seidel"]
[Result "0-1"]
[WhiteElo "1036"]
[BlackElo "1075"]
[PlyCount "50"]
[EventDate "2022.03.25"]
[EventType "swiss"]
[EventRounds "6"]
[EventCountry "BRA"]
[SourceTitle "EXT 2023"]
[Source "ChessBase"]
[SourceDate "2022.10.05"]
[SourceVersion "1"]
[SourceVersionDate "2022.10.05"]
[SourceQuality "1"]

1. d4 d5 2. c4 e6 3. Nc3 Nf6 4. Bg5 Nbd7 5. e3 a6 6. Bd3 dxc4 7. Bxc4 b5 8. Bb3 Bb7 9. Nf3 Be7 10. Bc2 h6 11. Bh4 g5 12. Bg3 Nd5 13. e4 Nxc3 14. bxc3 h5 15. h3 Nb6 16. Qe2 f6 17. 0-0 Qd7 18. e5 f5 19. Bb3 g4 20. hxg4 hxg4 21. Nd2 0-0-0 22. Rac1 Rh7 23. c4 Rdh8 24. f3 Qxd4+ 25. Bf2 Rh1# 0-1

[Event "Sao Bento do Sul op 05"]
[Site "Sao Bento do Sul"]
[Date "2021.05.07"]
[Round "1"]
[White "Viliczinski, Maria Luiza"]
[Black "Messias, Jose Vitor Lamosa P"]
[Result "0-1"]
[WhiteElo "1057"]
[BlackElo "1742"]
[PlyCount "68"]
[EventDate "2021.05.07"]
[EventType "swiss"]
[EventRounds "6"]
[EventCountry "BRA"]
[SourceTitle "EXT 2022"]
[Source "ChessBase"]
[SourceDate "2021.10.06"]
[SourceVersion "1"]
[SourceVersionDate "2021.10.06"]
[SourceQuality "1"]

1. d4 Nf6 2. c4 g6 3. Nc3 d5 4. Bf4 Bg7 5. e3 0-0 6. Bd3 c5 7. Nf3 a6 8. 0-0 Nc6 9. dxc5 Qa5 10. Re1 Rd8 11. e4 dxc4 12. Re3 Ng4 13. Re1 Rxd3 14. Qxd3 cxd3 15. h3 Nge5 16. Ng5 h6 17. Nf3 Nxf3+ 18. gxf3 Nd4 19. Rad1 Nxf3+ 20. Kf1 Nxe1 21. Rxe1 Bxc3 22. bxc3 Qxc3 23. Rc1 Bxh3+ 24. Kg1 d2 25. Rxc3 d1Q+ 26. Kh2 Qg4 27. Rxh3 Qxf4+ 28. Kg2 Rd8 29. Rf3 Qxe4 30. Kg3 Rd4 31. Kg2 Rd3 32. Kf1 Qxf3 33. Kg1 Rd1+ 34. Kh2 Rh1# 0-1

[Event "Sao Bento do Sul op 4th"]
[Site "Sao Bento do Sul"]
[Date "2020.11.01"]
[Round "5"]
[White "Viliczinski, Maria Luiza"]
[Black "Pereira, Aline Vitoria"]
[Result "0-1"]
[WhiteElo "1103"]
[BlackElo "1322"]
[PlyCount "60"]
[EventDate "2020.10.31"]
[EventType "swiss"]
[EventRounds "6"]
[EventCountry "BRA"]
[SourceTitle "EXT 2022"]
[Source "ChessBase"]
[SourceDate "2021.10.06"]
[SourceVersion "1"]
[SourceVersionDate "2021.10.06"]
[SourceQuality "1"]

1. d4 d5 2. c4 e6 3. Nc3 Nf6 4. Bf4 c5 5. e3 Nc6 6. Nge2 Bd6 7. Bxd6 Qxd6 8. g3 0-0 9. Bg2 Rd8 10. 0-0 dxc4 11. dxc5 Qxc5 12. Qc2 a6 13. Ne4 Nxe4 14. Qxe4 Rd2 15. Nf4 g6 16. b3 c3 17. Nd3 Qd5 18. Qxd5 exd5 19. Nf4 Bf5 20. Bxd5 Rc8 21. Rac1 g5 22. Bxc6 Rxc6 23. Nh5 c2 24. Rfe1 Bg4 25. f4 Rd1 26. Nf6+ Rxf6 27. Rxc2 Rxe1+ 28. Kf2 Rh1 29. h4 Rh2+ 30. Kg1 Rxc2 0-1

[Event "Sao Bento do Sul op"]
[Site "Sao Bento do Sul"]
[Date "2019.08.25"]
[Round "7"]
[White "Blaskosky, Vinicius"]
[Black "Viliczinski, Maria Luiza"]
[Result "1-0"]
[WhiteElo "1225"]
[BlackElo "1136"]
[PlyCount "61"]
[EventDate "2019.08.23"]
[EventType "swiss"]
[EventRounds "7"]
[EventCountry "BRA"]
[SourceTitle "EXT 2020"]
[Source "ChessBase"]
[SourceDate "2019.10.17"]
[SourceVersion "1"]
[SourceVersionDate "2019.10.17"]
[SourceQuality "1"]

1. e4 c5 2. Bc4 Nf6 3. Nf3 e6 4. d4 d5 5. exd5 exd5 6. Bd3 Be7 7. dxc5 Bxc5 8. 0-0 0-0 9. c4 d4 10. Bg5 Nbd7 11. Nbd2 h6 12. Bh4 Qc7 13. Qc2 g6 14. Ne4 Ne5 15. Nxe5 Qxe5 16. Bxf6 Qc7 17. Rfe1 a6 18. Nxc5 Qxc5 19. Be7 Qc7 20. Bxf8 Kxf8 21. Re4 Qd7 22. Rf4 Kg7 23. Qd2 b5 24. cxb5 axb5 25. Rc1 Bb7 26. Bxb5 Qxb5 27. Rc7 Bd5 28. Qxd4+ Kh7 29. Rfxf7+ Bxf7 30. Rxf7+ Kg8 31. Qg7# 1-0

[Event "Sao Bento do Sul op 07"]
[Site "Sao Bento do Sul"]
[Date "2019.07.12"]
[Round "1"]
[White "Viliczinski, Maria Luiza"]
[Black "Couto, Mauricio Souza"]
[Result "0-1"]
[WhiteElo "1189"]
[BlackElo "1715"]
[PlyCount "70"]
[EventDate "2019.07.12"]
[EventType "swiss"]
[EventRounds "7"]
[EventCountry "BRA"]
[SourceTitle "CBM 195 Extra"]
[Source "ChessBase"]
[SourceDate "2020.05.31"]
[SourceVersion "1"]
[SourceVersionDate "2020.05.31"]
[SourceQuality "1"]

1. d4 Nf6 2. c4 c5 3. Bf4 cxd4 4. Qxd4 d6 5. Qd2 g6 6. e3 Bg7 7. Bd3 Qb6 8. Ne2 Nc6 9. 0-0 Nb4 10. a3 Nxd3 11. Qxd3 Qxb2 12. Nd2 Qb6 13. e4 Nd7 14. Nf3 Bxa1 15. Rxa1 Nc5 16. Qd4 f6 17. Nc3 e5 18. Qe3 exf4 19. Qxf4 0-0 20. Nd5 Qb2 21. Re1 Nd3 22. Rf1 Nxf4 23. Nxf4 f5 24. e5 dxe5 25. Nxe5 Qxe5 26. Nd3 Qe4 27. Nb2 f4 28. f3 Qd4+ 29. Kh1 Qxb2 30. Re1 Qf2 31. Rg1 Re8 32. h3 Bxh3 33. c5 Bxg2+ 34. Rxg2 Re1+ 35. Kh2 Qh4# 0-1

[Event "Sao Bento do Sul op 05"]
[Site "Sao Bento do Sul"]
[Date "2019.05.18"]
[Round "5"]
[White "Viliczinski, Maria Luiza"]
[Black "De Oliveira, Nicolas Fabiane"]
[Result "1-0"]
[WhiteElo "1225"]
[BlackElo "1086"]
[PlyCount "33"]
[EventDate "2019.05.17"]
[EventType "swiss"]
[EventRounds "7"]
[EventCountry "BRA"]
[SourceTitle "CBM 195 Extra"]
[Source "ChessBase"]
[SourceDate "2020.05.31"]
[SourceVersion "1"]
[SourceVersionDate "2020.05.31"]
[SourceQuality "1"]

1. d4 d5 2. c4 e6 3. Bf4 Nf6 4. Nf3 c6 5. e3 Bb4+ 6. Nbd2 Ne4 7. Bd3 Nd7 8. c5 0-0 9. 0-0 Ndf6 10. Bg5 Nxg5 11. Nxg5 g6 12. a3 Ba5 13. b4 Bc7 14. Qf3 Bb8 15. Qh3 e5 16. Qh6 Ng4 17. Qxh7# 1-0

[Event "Sao Bento do Sul op 06"]
[Site "Sao Bento do Sul"]
[Date "2018.06.15"]
[Round "1"]
[White "De Oliveira, Gustavo Alfredo Bue"]
[Black "Viliczinski, Maria Luiza"]
[Result "1-0"]
[WhiteElo "2022"]
[BlackElo "1208"]
[PlyCount "119"]
[EventDate "2018.06.15"]
[EventType "swiss"]
[EventRounds "6"]
[EventCountry "BRA"]
[SourceTitle "EXT 2021"]
[Source "ChessBase"]
[SourceDate "2020.10.23"]
[SourceVersion "1"]
[SourceVersionDate "2020.10.23"]
[SourceQuality "1"]

1. d4 d5 2. c4 e6 3. cxd5 exd5 4. Nc3 Nf6 5. Bg5 Be7 6. Qc2 0-0 7. e3 Nc6 8. a3 h6 9. Bf4 Be6 10. Bd3 g6 11. Bxh6 Re8 12. Bxg6 Bf8 13. Bxf8 Kxf8 14. Bd3 Qd6 15. Nge2 Ne7 16. Nb5 Qb6 17. Qxc7 Qxc7 18. Nxc7 Rac8 19. Nxe8 Nxe8 20. Kd2 Nd6 21. Rac1 Rxc1 22. Rxc1 Bd7 23. Nf4 f6 24. Rc5 b6 25. Rc7 Ke8 26. Rxa7 f5 27. h4 Nf7 28. Ra8+ Nd8 29. h5 Ng8 30. Nxd5 Bc6 31. Bc4 Bxa8 32. Nc7+ Kf8 33. Nxa8 Nf6 34. Nxb6 Nxh5 35. a4 Nb7 36. b4 Nf6 37. a5 Ne8 38. a6 Nbd6 39. a7 Nc7 40. Bd5 Ndb5 41. a8Q+ Nxa8 42. Nxa8 Nd6 43. Nc7 Ke7 44. b5 Nxb5 45. Nxb5 Kd7 46. f3 Kd8 47. g4 fxg4 48. fxg4 Ke8 49. e4 Kf8 50. e5 Kg7 51. Be4 Kh6 52. e6 Kg7 53. d5 Kf6 54. Bf5 Ke5 55. e7 Kxd5 56. e8Q Kc5 57. g5 Kb4 58. g6 Ka4 59. Nd4+ Ka5 60. Qb5# 1-0